| 000 | 00553cam a22002051 4500 | ||
|---|---|---|---|
| 001 | sa 68017405 | ||
| 003 | DLC | ||
| 005 | 20260227112702.0 | ||
| 008 | 710517s1967 ii 00010 eng | ||
| 010 | _asa 68017405 //r82 | ||
| 025 | _aPL480:I-E-7523 | ||
| 050 | 0 |
_aGR305 _b.S69 |
|
| 082 | _a398.2/0954 | ||
| 100 | 1 | 0 | _aSubramanian, M. V. |
| 245 | 1 | 4 |
_aThe Mahabharata story; _bVyasa & variations, _cby M. V. Subramanian. |
| 260 | 0 |
_a[Madras] _bHigginbothams _c[1967] |
|
| 300 |
_axii, 321 p. _c23 cm. |
||
| 350 | _aRs7.50 | ||
| 650 | 0 |
_aTales _zIndia. |
|
| 999 |
_c87704 _d87704 |
||